000 00637nam a2200217Ii 4500
003 JO-AjNU
008 230606s9999||||xx |||||||||||||| ||und||
020 _a0-582-76180-0
040 _aJO-AjNU
_beng
_erda
_cJO-AjNU
041 _aeng
050 1 4 _aPE1106.N3 1972
100 3 _aNasr, Raja T,
_eauthor
_95848
245 0 0 _aApplied English Grammar For Arab Students, Book 2
250 _a1 ed
264 3 1 _aU.S.A: Longman Group,1972
300 _a106P
336 _atext
_btxt
_2rdacontent
337 _aunmediated
_bn
_2rdamedia
338 _avolume
_bnc
_2rdacarrier
650 4 _aEnglish Grammar - Education - Arab Students
_95849
999 _aE3033
_c3030
_d3030